Очистка городских сточных вод мегаполиса монография
В монографии содержатся сведения, связанные с изменением качества городских сточных вод и модернизацией очистных сооружений, обеспечивающих устойчивое и безопасное развитие социума в изменяющихся социальных и экономических условиях. Излагаются вопросы рационального водопользования в бытовом и произв...
Guardat en:
| Autor principal: | |
|---|---|
| Format: | Книга |
| Matèries: | |
| Accés en línia: | https://www.studentlibrary.ru/book/ISBN9785930939286.html |
| Etiquetes: |
Afegir etiqueta
Sense etiquetes, Sigues el primer a etiquetar aquest registre!
|
| LEADER | 02113nam a2200265 4500 | ||
|---|---|---|---|
| 001 | book/ISBN9785930939286 | ||
| 005 | 20250903142001.0 | ||
| 010 | |a 978-5-93093-928-6 | ||
| 100 | |a 20150619c2015 u y0rusy50 ca | ||
| 101 | | | |a rus | |
| 102 | |a RU | ||
| 105 | |a ||||||||000yy | ||
| 200 | 1 | |a Очистка городских сточных вод мегаполиса |e монография |f Пугачев Е.А. | |
| 210 | 1 | |a Москва |c АСВ |d 2015 | |
| 215 | |a 136 c. | ||
| 330 | |a В монографии содержатся сведения, связанные с изменением качества городских сточных вод и модернизацией очистных сооружений, обеспечивающих устойчивое и безопасное развитие социума в изменяющихся социальных и экономических условиях. Излагаются вопросы рационального водопользования в бытовом и производственном секторах, способствующего сокращению удельного во-допотребления и водоотведения и повышению концентрации загрязнений, а также особенности очистки высококонцентрированных сточных вод, описываются пути разработки маловодоемких оборотных водных технологий. | ||
| 610 | 0 | |a Водоснабжение и водоотведение | |
| 610 | 0 | |a Экология | |
| 610 | 0 | |a Промышленная экология и биотехнологии | |
| 610 | 0 | |a Техника и технологии строительства | |
| 610 | 0 | |a Техносферная безопасность и природообустройство | |
| 700 | 1 | |a Пугачев |b Е.А. | |
| 801 | 0 | |a RU |b Geotar |c 20150619 |g RCR |2 rusmarc | |
| 801 | 1 | |a RU |b Geotar |c 20150619 | |
| 856 | 4 | |u https://www.studentlibrary.ru/book/ISBN9785930939286.html | |